Mapa Bez 15 Państw #1 - Statystyki

Ogólne statystyki
  • Ten quiz został rozwiązany 207 razy
  • Średni wynik to 11 z 15
Odpowiedzi na mapie
Odpowiedzi zakodowano w zielono-czerwonej skali na mapie do tego quizu, zgodnie z poniższymi procentami.
 
Statystyki odpowiedzi
Kraje % Poprawnych
Czechy
98%
Panama
89%
Indie
85%
Gujana
83%
Chile
81%
Irak
79%
Maroko
79%
Laos
75%
Mozambik
75%
Oman
75%
Dania
72%
Grecja
71%
Nowa Zelandia
62%
Filipiny
57%
Gruzja
50%
Nie znaleziono quizów pasujących do podanych kryteriów
Rozkład punktacji
Procent ludzi z każdym wynikiem
Percentyl według liczby udzielonych odpowiedzi
Twoja historia wyników
Nie rozwiązałeś tego quizu